000
00210 a2200097 4500
001
19692
100
_a
Baboulene B
245
_a
Critical path made easy
260
_a
_b
Duckworth
_c
1970
090
_c
14340
_d
14340
942
_a
NUST-CAE
_c
M
_c
4826
999
_c
254765
_d
254765